Statistiken für Land Form Quiz # 3

Klicken Sie hier um das Quiz zu spielen!

Allgemein

  • Dieses Quiz wurde 9.029 mal gespielt
  • Das Durchschnittsergebnis liegt bei 11 aus 16

Antwortstatistiken

Antwort% Korrekt
Deutschland
99%
Kroatien
83%
Zypern
83%
Schweden
78%
Thailand
78%
Portugal
76%
Somalia
75%
Madagaskar
68%
Mongolei
66%
Ukraine
64%
Iran
59%
Tschad
56%
Peru
51%
Bangladesch
47%
Haiti
41%
D.R. Kongo
38%

Verteilung der Resultate

Perzentil nach korrekt beantworteten Fragen

Anzahl Personen mit jedem Resultat

Ihre Resultats-Entwicklung

Sie haben dieses Quiz noch nicht gespielt